000 00429nam a2200181Ia 4500
005 20250423101311.0
008 250422s9999 xx 000 0 und d
020 _a0706990269
050 _aPN 4775 .K36/
100 _aKamath, M. V.
245 4 _aThe journalist's handbook
260 _aNew Delhi
260 _bVIKAS Publishing House PVT Ltd
260 _c2008
300 _a313 p
650 _aJournalism
942 _cBK
999 _c35899
_d35899